000 005470000a22001810004500
041 0 _aSPA
082 0 4 _aG 364.6 F762v
100 1 _aFoucault, Michel
245 1 0 _aVigilar y castigar : Nacimiento de la prisión / Michel Foucault ; Aurelio Garzón del Camino, Traductor
260 _aMadrid, España : Siglo Veintiuno
300 _a314 Pag
500 _aTítulo original : surveiller et punir
001 9790
942 _cBK
999 _c39643
_d39643
336 _atexto
_btxt
_2rdacontent
337 _2rdamedia
_asin mediación
_bn
338 _2rdacarrier
_avolumen
_bnc